03110nam a2200385 u 450000100070000000500170000700700100002400800410003403500110007504000130008604100080009908000090010708200080011610000490012424502800017326000430045330000130049652014380050965000380194765000350198565000310202065000520205165000370210365000610214065000380220165000350223970000520227470000580232694200100238499900190239450200120241352600080242595201650243395201260259896579720260507072603.0co|||||||060306e20060201 spa  a965797 ccomduadb aspa aT/CD 4a36210aBedoya Gonzalez, Elizabeth4auteaut941550310aAutoesquemas de los niños de 8 a 12 anos que ingresan con medida de proteccion y los que han estabo bajo la experiencia institucional por un periodo de un año en las instituciones de proteccion Nuestro Hogar, Corporacion Hogar y Casa de la Chinca de la ciudad de Medellin aMedellín :b[sin publicador],c2006. a1 CD-ROM3 a RESUMEN En esta investigación se pretende establecer las diferencias en los perfiles de autoesquemas de los niños entre 8 y 12 años que ingresan con medida de protección y los que se encuentran bajo la experiencia institucional con esta misma medida y llevan un periodo de un año en las instituciones de protección Nuestro Hogar, Corporación Hogar y Casa de la Chinca de la ciudad de Medellín. Para ello se tomó una muestra de 26 niños con características similares en cuanto a la conformación y trato de sus familias, escolaridad, edad y vinculación con las instituciones de protección vinculadas al ICBF. Debido a la muestra, se realizó la estandarización de los test CIE y CAE, instrumentos utilizados para la valoración de los autoesquemas de los mismos. Una vez realizada la aplicación se obtuvo como resultado que tanto los autoesquemas de los niños que recién ingresan como los de los niños que ya llevan un año bajo la experiencia institucional se ubican dentro de la media, lo cual lleva a decir que ellos, en relación con los niños no institucionalizados tienen un nivel adecuado en cuanto a la percepción y sentimientos hacia sí mismos; por tanto la diferencia entre sus perfiles no es significativa, lo que podría contrariar un poco con posibles hipótesis que pudiesen hacerse al respecto y lo que deja abiertas interrogantes para un posterior estudio.  7aDesarrollo cognitivo2embne91813 aDesarrollo del lenguaje945502 aNiños abandonados954034 aInfancia - Programas de bienestar social947961 7aPsicología cognitiva2dcs9312 aCorporacion Hogar y Casa de la Chinca (Medellin)9155897 aAutoestima en adolescentes974815 7aAbuso del niño2lemb922272510aMedina Vargas, Luisa Fernanda4auteaut941829910aSalazar Velásquez, Javier Ignacio4thseths9310525 cTESIS c380258d380258 b105c12 a106 001040708TESDIGBCaBCbBCd2006-03-06eMaterial adquirido por donacióniC897440l0o362.5 B412 CD-ROMp0587920r2023-04-26 00:00:00t1w2023-04-26yDIGITAL 001040708DIGITALaCISHbCISHd2006-10-05iC923995l0oT/CD-05981p0618317r2023-04-26 00:00:00t2w2023-04-26yDIGITAL